El origen ibérico de la lengua vasca : según los primeros testimonios escritos en lengua ibérica de Andalucía, Aragón, Cataluña, Valencia y Portugal /
Spremljeno u:
| Glavni autor: | |
|---|---|
| Format: | Elektronički e-knjiga |
| Jezik: | španjolski |
| Izdano: |
Alicante :
Editorial Aguaclara S.L.,
marzo, 1993.
|
| Izdanje: | Primera edición. |
| Serija: | Colección Amalgama ;
7. |
| Teme: | |
| Online pristup: | Digitalia Hispánica |
| Oznake: |
Dodaj oznaku
Bez oznaka, Budi prvi tko označuje ovaj zapis!
|
MARC
| LEADER | 00000cam a2200000Ia 4500 | ||
|---|---|---|---|
| 001 | DIGAGUA0507 | ||
| 003 | NyNyDIG | ||
| 006 | m o d | ||
| 007 | cr ||||||||||| | ||
| 008 | 161101t19931993sp ab ob 000 0 spa d | ||
| 020 | |z 8480180242 | ||
| 020 | |z 9788480180245 | ||
| 035 | |a (OCoLC)888252152 | ||
| 040 | |a DGITA |b eng |e rda |e pn |c DGITA | ||
| 050 | 1 | 4 | |a P1081 eBook |
| 100 | 1 | |a Román del Cerro, J. L. |q (Juan L.), |e author. | |
| 245 | 1 | 3 | |a El origen ibérico de la lengua vasca : |b según los primeros testimonios escritos en lengua ibérica de Andalucía, Aragón, Cataluña, Valencia y Portugal / |c Juan L. Román del Cerro. |
| 250 | |a Primera edición. | ||
| 264 | 1 | |a Alicante : |b Editorial Aguaclara S.L., |c marzo, 1993. | |
| 264 | 4 | |c ©1993 | |
| 300 | |a 1 online resource (224 pages) : |b illustrations, maps. | ||
| 336 | |a text |b txt |2 rdacontent | ||
| 337 | |a computer |b c |2 rdamedia | ||
| 338 | |a online resource |b cr |2 rdacarrier | ||
| 490 | 1 | |a Colección Amalgama ; |v 7 | |
| 504 | |a Includes bibliographical references (pages 218-224) | ||
| 588 | 0 | |a Online resource; title from PDF title page (Digitalia, viewed October 30, 2016) | |
| 650 | 0 | |a Iberian language. | |
| 650 | 0 | |a Inscriptions, Iberian. | |
| 650 | 0 | |a Basque language |x History. | |
| 655 | 0 | |a Electronic books. | |
| 776 | 0 | 8 | |i Print version: |a Román del Cerro, J. L. |t Origen ibérico de la lengua vasca. |d Alicante : Editorial Aguaclara S.L, 1993. |z 9788480180245 |w (OCoLC)29818504 |
| 791 | 2 | |a Digitalia (Firm), |e distributor. | |
| 830 | 0 | |a Colección Amalgama ; |v 7. | |
| 793 | 0 | |g Digitalia eBook Collection: |a Editorial Aguaclara. | |
| 856 | 4 | 0 | |3 Digitalia Hispánica |u https://digitalia.unach.elogim.com/a/117/ |
| 910 | |a Premium Collection: 2007-2012 | ||